Statistics for Olympic Sports 1896-2012

Click here to take the quiz!

General Stats

  • This quiz has been taken 538 times
    (516 since last reset)
  • The average score is 24 of 43

Answer Stats

yearssport% Correct
1896-2012Swimming
94%
1896-2012Athletics
91%
1900-2012Football
89%
1896-2012Tennis
84%
1936-2012Basketball
83%
1896-2012Wrestling
81%
1896-2012Gymnastics
76%
1964-2012Judo
76%
1900-2012Archery
75%
1992-2008Baseball
74%
1896-2012Cycling
73%
1904-2012Diving
73%
1988-2012Table Tennis
73%
1964-2012Volleyball
73%
1900-2012Equestrian
72%
1896-2012Shooting
71%
1904-2012Boxing
70%
1992-2012Badminton
68%
1908-2012Hockey
68%
1900-2012Rowing
67%
1936-2012Handball
66%
1900-1904Golf
64%
1896-2012Fencing
62%
2000-2012Taekwondo
60%
1900-1924Rugby Union
59%
1936-2012Canoeing/Kayaking
58%
1900-2012Water Polo
58%
1900-2012Sailing
57%
1896-2012Weightlifting
54%
2000-2012Triathlon
47%
1996-2008Softball
46%
1912-2012Modern Pentathlon
45%
1900Cricket
43%
1900-1936Polo
34%
1900-1920Tug of War
30%
1984-2012Synchronised Swimming
27%
1900Croquet
16%
1904-1908Lacrosse
15%
1900Basque Pelota
6%
1908Water Motorsports
5%
1908Jeu de Paume
3%
1904Roque
3%
1908Rackets
2%

Score Distribution

Percentile by Number Answered

Percent of People with Each Score

Your Score History

You have not taken this quiz since the last reset